Parliamentary procedure in India. (Record no. 657)

MARC details
000 -LEADER
fixed length control field 00486cam a2200181ua 4500
008 - FIXED-LENGTH DATA ELEMENTS--GENERAL INFORMATION
fixed length control field 110419n ii |||gr||||Z||||||eng
040 ## - CATALOGING SOURCE
Transcribing agency MAIN
082 ## - DEWEY DECIMAL CLASSIFICATION NUMBER
Classification number 328.10954
245 1# - TITLE STATEMENT
Title Parliamentary procedure in India.
Statement of responsibility, etc. By A R Mukherjea.
250 ## - EDITION STATEMENT
Edition statement 2nd.
260 ## - PUBLICATION, DISTRIBUTION, ETC.
Place of publication, distribution, etc. Calcutta.:
Name of publisher, distributor, etc. Oxford university press.,967.
300 ## - PHYSICAL DESCRIPTION
Extent xv, 497 p.:
Dimensions 20 cm.
700 1# - ADDED ENTRY--PERSONAL NAME
Personal name Mukherjea, A R.,
942 ## - ADDED ENTRY ELEMENTS (KOHA)
Koha item type Books
653 ## - INDEX TERM--UNCONTROLLED
Uncontrolled term Political science.
653 ## - INDEX TERM--UNCONTROLLED
Uncontrolled term Parliamentary procedure of India.
Holdings
Withdrawn status Lost status Damaged status Not for loan Home library Current library Shelving location Date acquired Total Checkouts Full call number Barcode Date last seen Copy number Price effective from Koha item type
        Naharkatiya College Library Naharkatiya College Library   19/09/2020   328.10954 | MUK 115 19/09/2020 1 19/09/2020 Books

Naharkatiya College © 2020. All rights reserved.

Powered By